Normal view MARC view
  • Casaliggi, Carmen

Entry Personal Name

Number of records used in: 1

001 - CONTROL NUMBER

  • control field: 41903

003 - CONTROL NUMBER IDENTIFIER

  • control field: DLC

005 - DATE AND TIME OF LATEST TRANSACTION

  • control field: 20181105112557.0

008 - FIXED-LENGTH DATA ELEMENTS

  • fixed length control field: 080215n| acannaabn |n aaa

010 ## - LIBRARY OF CONGRESS CONTROL NUMBER

  • LC control number: n 2008011517

040 ## - CATALOGING SOURCE

  • Original cataloging agency: DLC
  • Language of cataloging: eng
  • Transcribing agency: DLC
  • Modifying agency: DLC
  • Modifying agency: EG-ScBUE

100 1# - HEADING--PERSONAL NAME

  • Personal name: Casaliggi, Carmen

670 ## - SOURCE DATA FOUND

  • Source citation: Ruskin in perspective, 2007:
  • Information found: t.p. (Carmen Casaliggi) jkt. (teaches art history and modern languages at the Univ. of Kent)

670 ## - SOURCE DATA FOUND

  • Source citation: Legacies of romanticism, 2012:
  • Information found: CIP t.p. (Carmen Casaliggi) data view (b. Apr. 13, 1974)